Westernization in the Russian modernization; Энергия молодых - экономике России; Ч. 2

Bibliografiske detaljer
Parent link:Энергия молодых - экономике России=Energy of Youth for Russian Economy: сборник научных трудов XIV Международной научно-практической конференции студентов и молодых ученых, г. Томск, 9-11 апреля 2013 г./ Национальный исследовательский Томский политехнический университет (ТПУ) ; Вольное экономическое общество России ; Международный союз экономистов (МСЭ) ; ред. коллегия В. В. Еремин ; Ю. С. Нехорошев ; Г. А. Барышева ; И. Е. Никулина ; Т. Б. Варлачева ; И. В. Кащук ; Е. Ю. Маталасова.— , 2013
Ч. 2.— 2013.— [С. 438-440]
Hovedforfatter: Bratukhina M.
Summary:Заглавие с титульного экрана
Sprog:engelsk
Udgivet: 2013
Serier:Modern development strategies of companies in the innovation economy
Fag:
Online adgang:http://www.lib.tpu.ru/fulltext/c/2013/C23/V2/159.pdf
Format: MixedMaterials Electronisk Book Chapter
KOHA link:https://koha.lib.tpu.ru/cgi-bin/koha/opac-detail.pl?biblionumber=246069

MARC

LEADER 00000naa2a2200000 4500
001 246069
005 20260115144619.0
035 |a (RuTPU)RU\TPU\book\267509 
035 |a RU\TPU\book\267500 
090 |a 246069 
100 |a 20131122d2013 k y0rusy50 ba 
101 0 |a eng 
102 |a RU 
135 |a drnn ---uucaa 
200 1 |a Westernization in the Russian modernization  |f M. Bratukhina 
203 |a Text  |c electronic 
225 1 |a Modern development strategies of companies in the innovation economy 
300 |a Заглавие с титульного экрана 
320 |a [Библиогр.: с. 440 (3 назв.)] 
337 |a Adobe Reader 
461 1 |0 (RuTPU)RU\TPU\book\262955  |t Энергия молодых - экономике России  |l Energy of Youth for Russian Economy  |o сборник научных трудов XIV Международной научно-практической конференции студентов и молодых ученых, г. Томск, 9-11 апреля 2013 г.  |o в 2 ч.  |f Национальный исследовательский Томский политехнический университет (ТПУ) ; Вольное экономическое общество России ; Международный союз экономистов (МСЭ) ; ред. коллегия В. В. Еремин ; Ю. С. Нехорошев ; Г. А. Барышева ; И. Е. Никулина ; Т. Б. Варлачева ; И. В. Кащук ; Е. Ю. Маталасова  |d 2013 
463 1 |0 (RuTPU)RU\TPU\book\262959  |t Ч. 2  |v [С. 438-440]  |d 2013 
610 1 |a труды учёных ТПУ 
610 1 |a электронный ресурс 
700 1 |a Bratukhina  |b M. 
801 2 |a RU  |b 63413507  |c 20230327  |g RCR 
856 4 |u http://www.lib.tpu.ru/fulltext/c/2013/C23/V2/159.pdf 
942 |c CF